Informe de Ejercicio Profesional Supervisado realizado en Asociación Madres Desamparados y San José de la Montaña, San Cristobal Verapaz, Alta Verapaz / (Registro nro. 1545)
[ vista simple ]
| 000 -LEADER | |
|---|---|
| campo de control de longitud fija | 01374nam a22002777i 4500 |
| 001 - NÚMERO DE CONTROL | |
| campo de control | EPSA 0042 |
| 003 - IDENTIFICADOR DE NÚMERO DE CONTROL | |
| campo de control | gtcocun |
| 005 - FECHA Y HORA DE LA ÚLTIMA TRANSACCIÓN | |
| campo de control | 20250829192625.0 |
| 006 - CÓDIGOS DE INFORMACIÓN DE LONGITUD FIJA--CARACTERÍSTICAS DEL MATERIAL ADICIONAL | |
| campo de control de longitud fija | a||||gr|||| 00| 0 |
| 007 - CAMPO FIJO DE DESCRIPCIÓN FÍSICA--INFORMACIÓN GENERAL | |
| campo de control de longitud fija | ta |
| 008 - DATOS DE LONGITUD FIJA--INFORMACIÓN GENERAL | |
| campo de control de longitud fija | 250829b2009 gt ||||| m||| 00| 0 eng d |
| 040 ## - FUENTE DE CATALOGACIÓN | |
| Centro catalogador/agencia de origen | gtcocun |
| Lengua de catalogación | SPA |
| Centro/agencia transcriptor | gtcocun |
| Normas de descripción | RDA |
| 041 ## - CÓDIGO DE IDIOMA | |
| Código de lengua del texto/banda sonora o título independiente | SPA |
| 084 ## - OTRO NÚMERO DE CLASIFICACIÓN | |
| Número de control del registro de autoridad o número normalizado | EPSA 0042 |
| 100 ## - ENTRADA PRINCIPAL--NOMBRE DE PERSONA | |
| Nombre de persona | Miranda Soria, María Virginia |
| Término indicativo de función/relación | Autor |
| 245 13 - MENCIÓN DEL TÍTULO | |
| Título | Informe de Ejercicio Profesional Supervisado realizado en Asociación Madres Desamparados y San José de la Montaña, San Cristobal Verapaz, Alta Verapaz / |
| Mención de responsabilidad, etc. | María Virginia Miranda Soria |
| Medio | Impreso |
| 264 ## - PRODUCCIÓN, PUBLICACIÓN, DISTRIBUCIÓN, FABRICACIÓN Y COPYRIGHT | |
| Producción, publicación, distribución, fabricación y copyright | Cobán, Alta Verapaz: |
| Nombre del de productor, editor, distribuidor, fabricante | Universidad de San Carlos de Guatemala, Centro Universitario del Norte, Carrera de Administración de Empresas. |
| Fecha de producción, publicación, distribución, fabricación o copyright | 2009 |
| 300 ## - DESCRIPCIÓN FÍSICA | |
| Extensión | 59 páginas : |
| Otras características físicas | Ilustraciones, gráficas, 4 anexos. |
| Dimensiones | 28 cm; |
| 502 ## - NOTA DE TESIS | |
| identificador de la tesis | EPSA 0042 |
| 502 ## - NOTA DE TESIS | |
| Nota de tesis | Ejercicio Profesional Supervisado |
| Tipo de título | Licenciatura en Administración de Empresas |
| Nombre de la institución que otorga el título | Universidad de San Carlos de Guatemala, Centro Universitario del Norte, ADE. |
| Año de obtención del título | 2009 |
| Identificador de la tesis | EPSA 0042 |
| 650 ## - PUNTO DE ACCESO ADICIONAL DE MATERIA--TÉRMINO DE MATERIA | |
| Fuente del encabezamiento o término | LEMB |
| Término de materia o nombre geográfico como elemento de entrada | San Cristtobal, A. V. |
| Subdivisión general | Diagnóstico institucional |
| -- | Manual de puestos |
| -- | Reglamento interno |
| -- | Manual de funciones |
| 651 ## - PUNTO DE ACCESO ADICIONAL DE MATERIA--NOMBRE GEOGRÁFICO | |
| Nombre geográfico | Cobán, Alta Verapaz |
| 856 ## - LOCALIZACIÓN Y ACCESO ELECTRÓNICOS | |
| Nota pública | Sin archivo digital |
| Identificador Uniforme de Recurso | <a href="Sin archivo digital">Sin archivo digital</a> |
| 942 ## - ELEMENTOS DE ENTRADA SECUNDARIOS (KOHA) | |
| Fuente de la clasificación o esquema de estantería | Clasificación Decimal Dewey |
| Tipo de ítem Koha | TESIS |
| Parte de la signatura que identifica el ejemplar (Parte del ítem) | EPSA 0042 |
| Prefijo de la signatura | Clasificación |
| Sufijo de la signatura | EPSA 0042 |
| Suprimir en OPAC | No |
| -- | EPSA_0042_000000000000000 |
| 945 ## - PROCESAMIENTO DE INFORMACIÓN LOCAL (OCLC) | |
| a | MPC |
| Estatus retirado | Estado de pérdida | Fuente de la clasificación o esquema de estantería | Estado de daño | No para préstamo | Colección | Biblioteca de origen | Biblioteca actual | Fecha de adquisición | Total de préstamos | Signatura topográfica completa | Código de barras | Visto por última vez | Precio de reemplazo | Tipo de ítem Koha |
|---|---|---|---|---|---|---|---|---|---|---|---|---|---|---|
| Clasificación Decimal Dewey | tesis | BIBLIOTECA- CUNOR -JOSÉ LUIS GONZALES ROSALES | BIBLIOTECA- CUNOR -JOSÉ LUIS GONZALES ROSALES | 29/08/2025 | EPSA 0042 | EPSA 0042 | 29/08/2025 | 29/08/2025 | TESIS |